00966 a2200157 45000010006000000050017000060080041000230030015000640400040000790800038001192450039001572640045001963000019002415050528002601000020007885331820260407155807.0260407a1968 arg spa dAR-UNSa-BCEJYS aAR-UNSa-BCEJYSbspacAR-UNSa-BCEJYS a336.74xMoneda. Sistema monetario10aEl sistema monetario internacional 1aBuenos Aires :bAmorrortu Editoresc1968 a220 p.c20 cm. a1. Mitos y realidades del patrón oro:1815-1913 - 2. Medio siglo de anarquía monetaria internacional-1914-1965 - 3. El camino evolutivo desde las instituciones monetarias del pasado a las reformas futuras - 4. Evolución a largo plazo de nuestro sistema monetario internacional - 5. Tres problemas capitales: uso apropiado, monto y composición de las reservas - 6.- El curso de las negociciones sobre la reforma monetaria internacional - 7. Intereses convergentes y soluciones operativas - 8. Resúmen y conclusiones1 aTriffin, Robert